|
|
แสดงรายละเอียดบรรณานุกรม |
|
|
Brief Record
: Get Marc (ISO 2709)
: E-mail record
: |
|
|
| LEADER 00000nama 2200000uu 4500 | |||
| 001 194128 | |||
| 003 ULIBM | |||
| 008 040531s|||| th m m a000 0 tha d | |||
| 041 tha | |||
| 050 WY20.5 ร155 ล.3 2551 | |||
| 100 สำนักงานปลัดกระทรวงสาธารณสุข,สถาบันพระบรมราชชนก,ส่วนพัมนาบุคลากร. | |||
| 245 รวมผลงานวิชาการที่ได้รับการคัดเลือกนำเสนอในการประชุมวิชาการระดับชาติ ประจำปี 2551 เล่ม 3/ส่วนพัฒนาบุคลากร สถาบันพระบรมราชชนก สำนักงานปลัดกระทรวงสาธารณสุข.. | |||
| 260 นนทบุรี. สถาบันพระบรมราชชนก สำนักงานปลัดกระทรวงสาธารณสุข. 2551. | |||
| 300 597 หน้า. | |||
| 500 วันที่ 28-29 เมษายน 2551 ณ โรงแรมดวงตะวัน เซ็นทารา จ.เชียงใหม่. | |||
| 995 001 | |||
| คุณยังไม่ได้ล็อกอิน คุณสามารถมีกิจกรรมร่วมกับเว็บไซต์ได้ แต่ต้องล็อกอินก่อน :: |
|
| สถานะ | |||||||||
| 1. | หนังสือทั่วไป | WY20.5 ร155 ล.3 2551 | On Shelf ขอยืม | ||||||
| 2. | หนังสือทั่วไป | WY20.5 ร155 ล.3 2551 | On Shelf ขอยืม | ||||||
| 3. | หนังสือทั่วไป | WY20.5 ร155 ล.3 2551 | On Shelf ขอยืม | ||||||
| 4. | หนังสือทั่วไป | WY20.5 ร155 ล.3 2551 | On Shelf ขอยืม | ||||||
| 5. | หนังสือทั่วไป | WY20.5 ร155 ล.3 2551 | On Shelf ขอยืม | ||||||
| [แสดง 5/5 รายการ] | |||||||||
BibComment |
| คอมเมนท์ทรัพยากรรายการนี้ |
|
|